[Event "Madrid-ch Previa B"]
[Site "Madrid ESP"]
[Date "2014.02.21"]
[Round "6.17"]
[White "Castro Uceda, Jose Antonio"]
[Black "Estebanez Cuesta, Alfredo"]
[Result "1-0"]
[WhiteElo "1620"]
[BlackElo "1578"]
[PlyCount "163"]
[EventDate "2014.02.06"]
[EventType "swiss"]
[EventRounds "9"]
[EventCountry "ESP"]
[Source "lmi"]
[SourceDate "2014.02.06"]

1. d4 d5 2. c4 e6 3. e3 Nf6 4. Nc3 a6 5. Nf3 Nc6 6. Bd3 Be7 7. O-O O-O 8. Re1
b6 9. a3 Qd6 10. e4 dxe4 11. Nxe4 Nxe4 12. Bxe4 f5 13. Bxc6 Qxc6 14. Ne5 Qe8
15. Re3 Bd6 16. Rg3 Bxe5 17. dxe5 Rf7 18. Bf4 Bb7 19. Qe2 Rd8 20. Rd1 Rfd7 21.
Rgd3 Qg6 22. f3 Rxd3 23. Rxd3 Rxd3 24. Qxd3 Qe8 25. Bg5 c6 26. Qd6 Qc8 27. b4
b5 28. c5 Qe8 29. h4 Bc8 30. Kf2 Qd7 31. Ke3 Qxd6 32. cxd6 Kf7 33. Kd4 Ke8 34.
Kc5 Kd7 35. Be7 h5 36. Bf8 g6 37. Bh6 Bb7 38. Be3 Bc8 39. Kd4 Ke8 40. Kd3 Kd7
41. Bc5 Ke8 42. Ke3 Kf7 43. Kf4 Kg7 44. Kg5 Bd7 45. g4 hxg4 46. fxg4 fxg4 47.
Kxg4 Kh6 48. Kf4 Kh5 49. Bf2 g5+ 50. hxg5 Kg6 51. Be3 Kg7 52. Ke4 Kg6 53. Kd4
Kf5 54. Bf4 Kg6 55. Kc5 Kg7 56. Kb6 Kf8 57. Kc7 Be8 58. d7 Bxd7 59. Kxd7 c5 60.
bxc5 a5 61. Bd2 b4 62. axb4 axb4 63. Bxb4 Kf7 64. c6 Kg6 65. c7 Kxg5 66. c8=Q
Kf5 67. Kd6 Kg5 68. Qxe6 Kf4 69. Qf6+ Ke4 70. e6 Kd3 71. e7 Kc4 72. Be1 Kd3 73.
e8=R Kc2 74. Qd8 Kd1 75. Bh4 Kd2 76. Ke7+ Ke3 77. Kf8+ Kf3 78. Qf6+ Kg4 79. Ke7
Kh3 80. Be1 Kg4 81. Rg8+ Kh5 82. Qh8# 1-0

[Event "Madrid-ch Previa B"]
[Site "Madrid ESP"]
[Date "2014.02.21"]
[Round "6.19"]
[White "Enfedaque Jimenez, Juan Carlos"]
[Black "Moro Serrano, Federico"]
[Result "0-1"]
[WhiteElo "1745"]
[BlackElo "1543"]
[PlyCount "84"]
[EventDate "2014.02.06"]
[EventType "swiss"]
[EventRounds "9"]
[EventCountry "ESP"]
[Source "lmi"]
[SourceDate "2014.02.06"]

1. e4 c5 2. Nf3 Nc6 3. d4 cxd4 4. Nxd4 Nf6 5. Nc3 e5 6. Nb3 Bb4 7. Bd3 d5 8.
exd5 Nxd5 9. Bd2 Nxc3 10. bxc3 Bd6 11. Qh5 g6 12. Qf3 O-O 13. O-O-O Be6 14. Bh6
Re8 15. h4 a5 16. Bxg6 hxg6 17. Rxd6 Qe7 18. h5 Bxb3 19. Rd7 Qa3+ 20. Kd2 Rad8
21. Rxd8 Rxd8+ 22. Ke2 Bc4+ 23. Ke1 Qd6 24. hxg6 Qxg6 25. Rh3 Bd5 26. Qe2 Qe4
27. Re3 Qh4 28. Rh3 Qf6 29. Qh5 Be4 30. Bg5 Qg7 31. Bxd8 Nxd8 32. Rg3 Bg6 33.
Qd1 Ne6 34. Qd7 Qh6 35. Qc8+ Kg7 36. f3 Qc1+ 37. Kf2 Qxc2+ 38. Kg1 Nf4 39. Kh2
Qf2 40. Qxb7 Ne2 41. Rxg6+ Kxg6 42. Qe4+ Kf6 0-1

[Event "Madrid-ch Previa B"]
[Site "Madrid ESP"]
[Date "2014.02.21"]
[Round "6.20"]
[White "Soto Martin, Miguel"]
[Black "Jimenez Manzano, Emiliano"]
[Result "1-0"]
[WhiteElo "1645"]
[BlackElo "1481"]
[PlyCount "71"]
[EventDate "2014.02.06"]
[EventType "swiss"]
[EventRounds "9"]
[EventCountry "ESP"]
[Source "lmi"]
[SourceDate "2014.02.06"]

1. d4 Nf6 2. Nf3 d5 3. c4 c6 4. b3 Bf5 5. Bb2 e6 6. e3 Bd6 7. Bd3 Bxd3 8. Qxd3
dxc4 9. bxc4 Nbd7 10. e4 O-O 11. e5 Bb4+ 12. Nbd2 Ne8 13. O-O Be7 14. Rfe1 Nc7
15. Ne4 b5 16. Nfd2 Nxe5 17. Qc3 Nd7 18. d5 Nf6 19. dxc6 bxc4 20. Qxc4 Ncd5 21.
Rac1 Qc7 22. Nf3 Rab8 23. Be5 Qb6 24. Bxb8 Rxb8 25. Ne5 Qc7 26. Nxf6+ Nxf6 27.
Nd3 Nd5 28. Rb1 Bd6 29. h3 h6 30. a4 a5 31. Rb5 Nb4 32. Nxb4 Bxb4 33. Rd1 Rd8
34. Rxd8+ Qxd8 35. c7 Qd1+ 36. Qf1 1-0

[Event "Madrid-ch Previa B"]
[Site "Madrid ESP"]
[Date "2014.02.21"]
[Round "6.21"]
[White "Melcon Mediavilla, Rodrigo"]
[Black "Lopez Ziegler, Juan Jose"]
[Result "1-0"]
[WhiteElo "1446"]
[BlackElo "1512"]
[PlyCount "101"]
[EventDate "2014.02.06"]
[EventType "swiss"]
[EventRounds "9"]
[EventCountry "ESP"]
[Source "lmi"]
[SourceDate "2014.02.06"]

1. e4 c5 2. Nf3 g6 3. Nc3 Bg7 4. Bc4 Nc6 5. O-O Nf6 6. d4 cxd4 7. Nxd4 O-O 8.
Re1 d6 9. Nxc6 bxc6 10. e5 Ng4 11. e6 f5 12. Be2 Ne5 13. f4 Qb6+ 14. Kh1 Ng4
15. Bxg4 fxg4 16. Qxg4 Ba6 17. Qf3 d5 18. Rb1 Rab8 19. b3 Qb4 20. Bd2 Bxc3 21.
Qxc3 Qxc3 22. Bxc3 Rxf4 23. Be5 Rbf8 24. Bxf4 Rxf4 25. Kg1 Kg7 26. Re3 Kf6 27.
Rc3 Bb7 28. Re1 h5 29. g3 Rf5 30. Kg2 g5 31. h3 d4 32. Rc4 Re5 33. Rxe5 Kxe5
34. Rc5+ Kf6 35. Kf3 Bc8 36. h4 gxh4 37. gxh4 Bxe6 38. Rxc6 Kf5 39. Rc5+ Kf6
40. Rc6 Kf5 41. Rxe6 Kxe6 42. Ke4 Kf6 43. Kxd4 Kf5 44. c4 e5+ 45. Ke3 Ke6 46.
Ke4 a5 47. a3 Kd6 48. b4 a4 49. b5 Kc5 50. Kxe5 Kb6 51. Kf5 1-0

[Event "Madrid-ch Previa B"]
[Site "Madrid ESP"]
[Date "2014.02.21"]
[Round "6.22"]
[White "Barragan Panal, Juan Jose"]
[Black "Santos Burkholz, Mario"]
[Result "1-0"]
[WhiteElo "1630"]
[BlackElo "1424"]
[PlyCount "29"]
[EventDate "2014.02.06"]
[EventType "swiss"]
[EventRounds "9"]
[EventCountry "ESP"]
[Source "lmi"]
[SourceDate "2014.02.06"]

1. Nf3 Nf6 2. d4 d5 3. c4 c6 4. e3 Bf5 5. Nc3 Ne4 6. cxd5 cxd5 7. Qb3 Nxc3 8.
bxc3 b6 9. Bb5+ Nd7 10. Qxd5 Be6 11. Bxd7+ Bxd7 12. Ne5 Be6 13. Qc6+ Bd7 14.
Nxd7 Rc8 15. Nf6# 1-0

[Event "Madrid-ch Previa B"]
[Site "Madrid ESP"]
[Date "2014.02.21"]
[Round "6.23"]
[White "Melcon Diez, Enrique"]
[Black "Reyes Penas, Sebastian"]
[Result "1-0"]
[WhiteElo "1606"]
[BlackElo "1383"]
[PlyCount "60"]
[EventDate "2014.02.06"]
[EventType "swiss"]
[EventRounds "9"]
[EventCountry "ESP"]
[Source "lmi"]
[SourceDate "2014.02.06"]

1. c4 f5 2. Nc3 Nf6 3. g3 g6 4. d4 Bg7 5. Bg2 O-O 6. Nh3 d6 7. d5 c6 8. Nf4 e5
9. dxe6 Qe7 10. O-O Bxe6 11. Nxe6 Qxe6 12. Bf4 Rd8 13. Qb3 Qe7 14. Rad1 Ne8 15.
Rfe1 Na6 16. e4 Nc5 17. Qc2 fxe4 18. Nxe4 Nxe4 19. Bxe4 Qf6 20. Re2 Rd7 21. h4
Nc7 22. Bg5 Qf7 23. h5 gxh5 24. Bxh7+ Kh8 25. Bf5 Re8 26. Rxe8+ Nxe8 27. Bxd7
Qxd7 28. Qg6 h4 29. Bxh4 Bxb2 30. Re1 Be5 1-0

[Event "Madrid-ch Previa B"]
[Site "Madrid ESP"]
[Date "2014.02.22"]
[Round "7.1"]
[White "Ruiz Sanchez, Roberto"]
[Black "Lopez Ziegler, Carlos"]
[Result "1-0"]
[WhiteElo "1935"]
[BlackElo "1944"]
[PlyCount "79"]
[EventDate "2014.02.06"]
[EventType "swiss"]
[EventRounds "9"]
[EventCountry "ESP"]
[Source "lmi"]
[SourceDate "2014.02.06"]

1. e4 c5 2. Nf3 e6 3. d4 cxd4 4. Nxd4 Nc6 5. Nc3 Qc7 6. Be2 a6 7. O-O Nf6 8.
Be3 h5 9. Nxc6 bxc6 10. f4 Rb8 11. Rb1 d5 12. e5 Ng4 13. Bxg4 hxg4 14. Qxg4 c5
15. Bf2 Bb7 16. f5 Bc8 17. fxe6 Bxe6 18. Qa4+ Qd7 19. Qxa6 Be7 20. Bg3 Bd8 21.
Qe2 Be7 22. b3 Qc6 23. Qf3 Rb4 24. Rbd1 Rd4 25. Ne2 Re4 26. Nf4 Rxe5 27. Nxe6
Rxe6 28. Rxd5 O-O 29. c4 Bf6 30. Bf2 Ra8 31. a4 Rae8 32. Rxc5 Qd6 33. Rd5 Qa3
34. Bc5 Qb2 35. a5 Qa2 36. Bf2 Re2 37. Kh1 Rb2 38. Rb5 Qa3 39. Bh4 Ree2 40.
Bxf6 1-0

[Event "Madrid-ch Previa B"]
[Site "Madrid ESP"]
[Date "2014.02.22"]
[Round "7.2"]
[White "Ballesteros Galvez, Daniel"]
[Black "Aguilera Lopez, Alejandro"]
[Result "1/2-1/2"]
[WhiteElo "1789"]
[BlackElo "1612"]
[PlyCount "87"]
[EventDate "2014.02.06"]
[EventType "swiss"]
[EventRounds "9"]
[EventCountry "ESP"]
[Source "lmi"]
[SourceDate "2014.02.06"]

1. e4 c5 2. Nf3 Nc6 3. d4 cxd4 4. Nxd4 e6 5. Nc3 Bb4 6. Ndb5 Nf6 7. a3 Bxc3+ 8.
Nxc3 d5 9. exd5 Nxd5 10. Nxd5 exd5 11. Bd3 O-O 12. O-O Be6 13. Re1 Qf6 14. Qh5
h6 15. Rb1 Rad8 16. Bd2 d4 17. Be4 Rfe8 18. Qf3 Qxf3 19. Bxf3 Bf5 20. Rxe8+
Rxe8 21. Rc1 Re7 22. b3 Ne5 23. Be2 Rc7 24. f4 Ng6 25. Bd3 Bxd3 26. cxd3 Rd7
27. Rc8+ Kh7 28. Kf2 Ne7 29. Rc2 Kg6 30. Kf3 f5 31. h3 Kf6 32. g3 g6 33. a4 a6
34. Be1 h5 35. Ba5 Nc6 36. Bb6 Re7 37. Kf2 Rd7 38. Rc4 Ke6 39. Kf3 Rd5 40. b4
Kf6 41. Kf2 Ke6 42. Kf3 Kf6 43. Kg2 Ke6 44. Kf3 1/2-1/2

[Event "Madrid-ch Previa B"]
[Site "Madrid ESP"]
[Date "2014.02.22"]
[Round "7.3"]
[White "Munoz Cebey, Ricardo"]
[Black "Merino Araguas, Jose Javier"]
[Result "1/2-1/2"]
[WhiteElo "1878"]
[BlackElo "1813"]
[PlyCount "88"]
[EventDate "2014.02.06"]
[EventType "swiss"]
[EventRounds "9"]
[EventCountry "ESP"]
[Source "lmi"]
[SourceDate "2014.02.06"]

1. c4 e5 2. Nc3 d6 3. d4 exd4 4. Qxd4 Nf6 5. b3 Be7 6. Bb2 O-O 7. g3 Nc6 8. Qd2
Bf5 9. Bg2 Re8 10. Nf3 Qd7 11. O-O h6 12. Rfe1 Bh7 13. Nd4 Rad8 14. Nxc6 bxc6
15. Rad1 Bf5 16. e4 Bh3 17. Bh1 h5 18. Ne2 h4 19. Nf4 hxg3 20. hxg3 Bg4 21. f3
Be6 22. Bg2 Nh7 23. Nh5 Bg5 24. Qc3 f6 25. e5 Bf7 26. g4 fxe5 27. f4 Bxh5 28.
fxg5 Qxg4 29. Rd3 Qxg5 30. Rg3 Qe7 31. Bxc6 Rf8 32. Qe3 Qf6 33. Qxa7 Qf4 34.
Qe3 Qxe3+ 35. Rexe3 Rf4 36. Re4 Rxe4 37. Bxe4 Nf6 38. Bg2 Bf7 39. Bc1 Kf8 40.
Bg5 Re8 41. a4 Rb8 42. Bxf6 gxf6 43. Be4 Ke7 44. Kf2 Rh8 1/2-1/2

[Event "Madrid-ch Previa B"]
[Site "Madrid ESP"]
[Date "2014.02.22"]
[Round "7.4"]
[White "Martinez Rubio, Felipe"]
[Black "Lianes Garcia, Marcos"]
[Result "1/2-1/2"]
[WhiteElo "1805"]
[BlackElo "1837"]
[PlyCount "95"]
[EventDate "2014.02.06"]
[EventType "swiss"]
[EventRounds "9"]
[EventCountry "ESP"]
[Source "lmi"]
[SourceDate "2014.02.06"]

1. d4 Nf6 2. Bg5 c5 3. Bxf6 gxf6 4. d5 d6 5. e4 Qb6 6. Qc1 Qb4+ 7. Nd2 Bh6 8.
Ngf3 Bg4 9. c3 Qb6 10. Qc2 Nd7 11. h3 Bxf3 12. Nxf3 O-O-O 13. Bd3 Nf8 14. g3
Ng6 15. h4 e6 16. dxe6 fxe6 17. O-O Kb8 18. a3 Rc8 19. Bc4 Rhe8 20. Rfd1 Nf8
21. Qd3 Red8 22. b4 cxb4 23. cxb4 Qc6 24. Bb5 Qc3 25. Qxc3 Rxc3 26. Rd3 Rxd3
27. Bxd3 Rc8 28. Rd1 Rc3 29. Nd4 a6 30. b5 a5 31. a4 Kc7 32. Kf1 Kd7 33. b6 Ke7
34. Ke2 Nd7 35. Rb1 Nc5 36. Bc2 Rc4 37. Rd1 Kd7 38. Kf3 Bf8 39. Ke3 e5 40. Nb3
Nxb3 41. Bxb3 Rc3+ 42. Rd3 Bh6+ 43. Ke2 Rc6 44. Bd5 Rxb6 45. Rb3 Rxb3 46. Bxb3
Kc6 47. Bd5+ Kc7 48. Bg8 1/2-1/2

[Event "Madrid-ch Previa B"]
[Site "Madrid ESP"]
[Date "2014.02.22"]
[Round "7.5"]
[White "Soto Martin, Pablo"]
[Black "Yeves Miquel, Enrique"]
[Result "1/2-1/2"]
[WhiteElo "1811"]
[BlackElo "1742"]
[PlyCount "67"]
[EventDate "2014.02.06"]
[EventType "swiss"]
[EventRounds "9"]
[EventCountry "ESP"]
[Source "lmi"]
[SourceDate "2014.02.06"]

1. e4 c5 2. Nf3 e6 3. c3 Nf6 4. Bd3 Nc6 5. Bc2 d5 6. e5 Nd7 7. d4 Qb6 8. O-O
Be7 9. a3 a5 10. a4 f6 11. exf6 Nxf6 12. Re1 cxd4 13. cxd4 Nb4 14. Bb3 O-O 15.
Nc3 Bd7 16. Ne2 Ne4 17. Nf4 Bd6 18. Nxd5 exd5 19. Rxe4 Bf5 20. Re1 Bg4 21. Bg5
Bxf3 22. gxf3 Qc7 23. h3 Qf7 24. Qe2 Rae8 25. Be3 Qxf3 26. Qxf3 Rxf3 27. Kg2
Ref8 28. Rac1 R3f5 29. Rc3 Nc6 30. Re2 h6 31. Bc2 R5f6 32. Bb3 Rf5 33. Bc2 R5f6
34. Bb3 1/2-1/2

[Event "Madrid-ch Previa B"]
[Site "Madrid ESP"]
[Date "2014.02.22"]
[Round "7.6"]
[White "Franco Rincon, David"]
[Black "Tirado Parra, Alberto"]
[Result "0-1"]
[WhiteElo "1685"]
[BlackElo "1939"]
[PlyCount "58"]
[EventDate "2014.02.06"]
[EventType "swiss"]
[EventRounds "9"]
[EventCountry "ESP"]
[Source "lmi"]
[SourceDate "2014.02.06"]

1. e4 e5 2. Nf3 Nc6 3. Bc4 Nf6 4. Ng5 d5 5. exd5 Nd4 6. c3 b5 7. cxd4 bxc4 8.
dxe5 Qxd5 9. O-O Bb7 10. Nf3 Nd7 11. Nc3 Qd3 12. Re1 Bxf3 13. Qxf3 Qxf3 14.
gxf3 Nc5 15. Rb1 Nd3 16. Re4 Bc5 17. Nd1 O-O-O 18. Ne3 Rhe8 19. Rxc4 Rxe5 20.
b4 Rg5+ 21. Kf1 Bb6 22. a4 Bd4 23. Rc2 f5 24. Rb3 Be5 25. h4 Rh5 26. Ng2 g5 27.
hxg5 Rh1+ 28. Ke2 Nxc1+ 29. Ke3 Nxb3 0-1

[Event "Madrid-ch Previa B"]
[Site "Madrid ESP"]
[Date "2014.02.22"]
[Round "7.7"]
[White "Fernandez Rios, Jose Francisco"]
[Black "Marcos Herrero, Francisco"]
[Result "1-0"]
[WhiteElo "1649"]
[BlackElo "1930"]
[PlyCount "99"]
[EventDate "2014.02.06"]
[EventType "swiss"]
[EventRounds "9"]
[EventCountry "ESP"]
[Source "lmi"]
[SourceDate "2014.02.06"]

1. d4 Nf6 2. c4 c5 3. d5 b5 4. cxb5 a6 5. b6 d6 6. Nc3 g6 7. e4 Nbd7 8. Nf3 Bg7
9. Be2 O-O 10. O-O Rb8 11. Nd2 Nxb6 12. a4 Ne8 13. a5 Nd7 14. Nc4 Nc7 15. Na4
Nb5 16. Ncb6 Nd4 17. Ra3 Qc7 18. Kh1 Qa7 19. Qd3 Nxe2 20. Qxe2 Nxb6 21. Nxb6
Rd8 22. Qc2 Bd7 23. Bd2 Bb5 24. Re1 Rf8 25. Bc3 f6 26. Qd2 Rf7 27. f3 h5 28. h4
Bd7 29. Qe2 Kh7 30. Nxd7 Qxd7 31. Qxa6 g5 32. hxg5 fxg5 33. Qe2 g4 34. fxg4
hxg4 35. Rf1 Rxf1+ 36. Qxf1 Rf8 37. Qe2 Bh6 38. Be1 Rf6 39. a6 Bf4 40. Bg3 Rh6+
41. Kg1 Bxg3 42. Rxg3 Qa4 43. Ra3 Qd4+ 44. Qe3 Qd1+ 45. Kf2 g3+ 46. Kxg3 Rg6+
47. Kh2 Qc2 48. Qh3+ Rh6 49. Qxh6+ Kxh6 50. a7 1-0

[Event "Madrid-ch Previa B"]
[Site "Madrid ESP"]
[Date "2014.02.22"]
[Round "7.8"]
[White "Garcia Serrano, Jose M. Ii"]
[Black "Morona Minguez, Miguel"]
[Result "1-0"]
[WhiteElo "1835"]
[BlackElo "1622"]
[PlyCount "35"]
[EventDate "2014.02.06"]
[EventType "swiss"]
[EventRounds "9"]
[EventCountry "ESP"]
[Source "lmi"]
[SourceDate "2014.02.06"]

1. e4 e5 2. f4 exf4 3. Nf3 g5 4. Bc4 d6 5. O-O Nc6 6. d4 Bg4 7. c3 Nf6 8. Bxf7+
Kxf7 9. Qb3+ Kg6 10. Nxg5 Kxg5 11. Qf7 Nh5 12. Bxf4+ Nxf4 13. Qxf4+ Kg6 14.
Qxg4+ Kh6 15. Qe6+ Kh5 16. Rf5+ Qg5 17. Rxg5+ Kxg5 18. Qf5+ 1-0

[Event "Madrid-ch Previa B"]
[Site "Madrid ESP"]
[Date "2014.02.22"]
[Round "7.9"]
[White "Barragan Arriaza, Pablo"]
[Black "Fernandez Rodriguez, Fernando J"]
[Result "0-1"]
[WhiteElo "1361"]
[BlackElo "1782"]
[PlyCount "94"]
[EventDate "2014.02.06"]
[EventType "swiss"]
[EventRounds "9"]
[EventCountry "ESP"]
[Source "lmi"]
[SourceDate "2014.02.06"]

1. c4 c5 2. g3 g6 3. Bg2 Bg7 4. Nc3 Nc6 5. Nf3 Nf6 6. O-O O-O 7. d3 d6 8. Bd2
Bd7 9. a3 a5 10. Qc1 Re8 11. Bh6 Bh8 12. Rb1 Qc8 13. Bg5 Ra6 14. Bxf6 exf6 15.
Re1 Be6 16. Ne4 Qc7 17. Qf4 f5 18. Qxd6 Qxd6 19. Nxd6 Re7 20. Nb5 Bc8 21. Nc3
Be6 22. Ng5 Nd8 23. Bd5 h5 24. Nxe6 fxe6 25. Bg2 Rd6 26. Nb5 Rdd7 27. Rec1 Nc6
28. Bxc6 bxc6 29. Nc3 Rb7 30. Na4 Be5 31. b3 Bd6 32. Rd1 Re8 33. d4 cxd4 34.
Rxd4 Bxa3 35. Rd3 Reb8 36. Rc3 Kf7 37. Kf1 Be7 38. Rd3 Rb4 39. Ke1 Rxa4 40. Kd2
Ra2+ 41. Kd1 a4 42. Rd2 Rxd2+ 43. Kxd2 Rxb3 44. Kc2 Rxb1 45. Kxb1 Bb4 46. Ka2
Ke7 47. Kb2 Kd6 0-1

[Event "Madrid-ch Previa B"]
[Site "Madrid ESP"]
[Date "2014.02.22"]
[Round "7.10"]
[White "Alonso Herrero, Ignacio"]
[Black "Rottenwohrer Suarez, Juan"]
[Result "1-0"]
[WhiteElo "1777"]
[BlackElo "1456"]
[PlyCount "111"]
[EventDate "2014.02.06"]
[EventType "swiss"]
[EventRounds "9"]
[EventCountry "ESP"]
[Source "lmi"]
[SourceDate "2014.02.06"]

1. e4 c5 2. Nc3 g6 3. f4 Bg7 4. Nf3 Nc6 5. Bb5 a6 6. Bxc6 bxc6 7. O-O d5 8. e5
Nh6 9. Na4 Qa5 10. c3 c4 11. b4 cxb3 12. axb3 O-O 13. b4 Qc7 14. Nc5 f6 15. Qe2
fxe5 16. fxe5 Nf7 17. d4 Nd8 18. Bg5 h6 19. Bh4 g5 20. Bg3 a5 21. e6 Qb6 22.
Nd7 Bxd7 23. exd7 e6 24. Ne5 Rxf1+ 25. Kxf1 a4 26. Nd3 Ra7 27. Nc5 Qb5 28. Ke1
Qxe2+ 29. Kxe2 Bf8 30. Nxa4 Rxd7 31. Nb2 Bd6 32. Bxd6 Rxd6 33. Ra7 e5 34. dxe5
Re6 35. Nd3 Nf7 36. Rc7 Nxe5 37. Nxe5 Rxe5+ 38. Kd3 Re6 39. c4 Kf8 40. cxd5
cxd5 41. Rd7 Rb6 42. Kc3 Rb5 43. Kb3 g4 44. Ka4 Rb6 45. Rxd5 Ra6+ 46. Kb3 Re6
47. Rd2 Re3+ 48. Ka4 g3 49. hxg3 Rxg3 50. Re2 h5 51. b5 Rg7 52. Ka5 Re7 53.
Rxe7 Kxe7 54. b6 Kd7 55. Ka6 Kc8 56. Ka7 1-0

[Event "Madrid-ch Previa B"]
[Site "Madrid ESP"]
[Date "2014.02.22"]
[Round "7.12"]
[White "Rottenwoerer, Christoph"]
[Black "Urena Castellanos, Antonio"]
[Result "1-0"]
[WhiteElo "1643"]
[BlackElo "1697"]
[PlyCount "65"]
[EventDate "2014.02.06"]
[EventType "swiss"]
[EventRounds "9"]
[EventCountry "ESP"]
[Source "lmi"]
[SourceDate "2014.02.06"]

1. Nf3 Nf6 2. g3 g6 3. Bg2 c6 4. O-O Bg7 5. c4 O-O 6. Nc3 d6 7. h3 Re8 8. Rb1
e5 9. e4 h6 10. b4 a6 11. Re1 Be6 12. Qe2 b5 13. c5 dxc5 14. bxc5 Nbd7 15. a4
Rb8 16. Ba3 Bf8 17. Qe3 Qc8 18. d4 exd4 19. Qxd4 Bg7 20. e5 Nd5 21. Ne4 Bf8 22.
Nd6 Bxd6 23. exd6 Bf5 24. Rxe8+ Qxe8 25. Re1 Qc8 26. g4 Be6 27. Bb2 N5f6 28.
Ne5 bxa4 29. Nxd7 Rxb2 30. Nxf6+ Kf8 31. Nh5 Ke8 32. Qh8+ Kd7 33. Nf6# 1-0

[Event "Madrid-ch Previa B"]
[Site "Madrid ESP"]
[Date "2014.02.22"]
[Round "7.13"]
[White "Ruiz Bazaga, Miriam"]
[Black "Castro Uceda, Jose Antonio"]
[Result "1/2-1/2"]
[WhiteElo "1588"]
[BlackElo "1620"]
[PlyCount "71"]
[EventDate "2014.02.06"]
[EventType "swiss"]
[EventRounds "9"]
[EventCountry "ESP"]
[Source "lmi"]
[SourceDate "2014.02.06"]

1. e4 c5 2. Nf3 d6 3. Nc3 e6 4. d4 cxd4 5. Nxd4 a6 6. a4 Nf6 7. Bg5 Be7 8. Bc4
Nxe4 9. Bxe7 Nxc3 10. Bxd8 Nxd1 11. Ba5 Nxb2 12. Bb3 d5 13. Bb4 Nc4 14. a5 e5
15. Ne2 Nc6 16. c3 Nxb4 17. cxb4 Be6 18. Rd1 O-O 19. Nc3 Rfd8 20. Na4 Rab8 21.
Nc5 Rdc8 22. O-O g6 23. h3 Rc6 24. Rfe1 b5 25. f3 Nxa5 26. Bxd5 Bxd5 27. Rxd5
Nc4 28. Rb1 a5 29. bxa5 Nxa5 30. Nd7 Rbc8 31. Rdxb5 Nc4 32. Nxe5 Nxe5 33. Rxe5
Rc2 34. Rbe1 Kg7 35. Re7 Rb8 36. R7e2 1/2-1/2

[Event "Madrid-ch Previa B"]
[Site "Madrid ESP"]
[Date "2014.02.22"]
[Round "7.14"]
[White "Benitez Cadenas, Luis Miguel"]
[Black "Garcia Carbonell, Francisco"]
[Result "1-0"]
[WhiteElo "1695"]
[BlackElo "1666"]
[PlyCount "65"]
[EventDate "2014.02.06"]
[EventType "swiss"]
[EventRounds "9"]
[EventCountry "ESP"]
[Source "lmi"]
[SourceDate "2014.02.06"]

1. d4 d6 2. Nf3 g6 3. c4 Bg7 4. Nc3 Nf6 5. g3 O-O 6. Bg2 Bf5 7. Qb3 Qc8 8. Nh4
c6 9. Nxf5 gxf5 10. O-O Nbd7 11. Re1 e5 12. dxe5 dxe5 13. Qc2 e4 14. f3 Nc5 15.
b4 exf3 16. exf3 Re8 17. Rxe8+ Qxe8 18. Ba3 Qe3+ 19. Kf1 Ng4 20. fxg4 Bxc3 21.
Rd1 Ne4 22. Bc1 Nxg3+ 23. hxg3 Qxg3 24. Qxf5 Re8 25. Qf2 Qxg4 26. Bf3 Qxc4+ 27.
Be2 Qxb4 28. Qg3+ Bg7 29. Bh6 Qf8 30. Rd7 b5 31. Bh5 Kh8 32. Rxf7 Be5 33. Qxe5+
1-0

[Event "Madrid-ch Previa B"]
[Site "Madrid ESP"]
[Date "2014.02.22"]
[Round "7.15"]
[White "Moro Serrano, Federico"]
[Black "Soto Martin, Miguel"]
[Result "0-1"]
[WhiteElo "1543"]
[BlackElo "1645"]
[PlyCount "72"]
[EventDate "2014.02.06"]
[EventType "swiss"]
[EventRounds "9"]
[EventCountry "ESP"]
[Source "lmi"]
[SourceDate "2014.02.06"]

1. c4 e5 2. Nc3 Nc6 3. Nf3 d6 4. g3 g6 5. Bg2 Bg7 6. d3 f5 7. Bg5 Nf6 8. Nd5
O-O 9. Qd2 Re8 10. Nxf6+ Bxf6 11. O-O e4 12. Bxf6 Qxf6 13. Ng5 e3 14. Bd5+ Kg7
15. Qc3 Nd4 16. Kh1 Nxe2 17. Qxf6+ Kxf6 18. Nf3 c6 19. Bxc6 bxc6 20. Rae1 exf2
21. Rxf2 Nxg3+ 22. hxg3 Bb7 23. Rfe2 Rxe2 24. Rxe2 c5 25. Kg2 Kf7 26. Kf2 Bxf3
27. Kxf3 Re8 28. Rxe8 Kxe8 29. Kf4 Ke7 30. Kg5 Ke6 31. Kh6 Ke5 32. Kxh7 g5 33.
Kg6 f4 34. gxf4+ gxf4 35. d4+ Kxd4 36. Kf5 f3 0-1

[Event "Madrid-ch Previa B"]
[Site "Madrid ESP"]
[Date "2014.02.22"]
[Round "7.16"]
[White "Martinez Carrasco, Jesus"]
[Black "Melcon Mediavilla, Rodrigo"]
[Result "1-0"]
[WhiteElo "1586"]
[BlackElo "1446"]
[PlyCount "83"]
[EventDate "2014.02.06"]
[EventType "swiss"]
[EventRounds "9"]
[EventCountry "ESP"]
[Source "lmi"]
[SourceDate "2014.02.06"]

1. d4 Nf6 2. c4 e6 3. Nc3 c5 4. Nf3 b6 5. e3 g6 6. d5 d6 7. e4 exd5 8. cxd5 Bg7
9. Be2 O-O 10. O-O Re8 11. Qc2 Nbd7 12. h3 a5 13. Bg5 Qe7 14. Rfe1 Ne5 15. Nd2
Ba6 16. Nb5 Rec8 17. f4 Ned7 18. a4 Qe8 19. Nxd6 Qd8 20. Nxc8 Qxc8 21. Bf3 c4
22. Kh1 Qc5 23. Rac1 Qb4 24. Nxc4 Rc8 25. b3 b5 26. axb5 Bxb5 27. Qa2 a4 28.
Qa3 Qxb3 29. Qxb3 axb3 30. Nb2 Rxc1 31. Rxc1 Nh5 32. e5 h6 33. Rc8+ Kh7 34.
Bxh5 hxg5 35. Bg4 gxf4 36. Bxd7 Bxd7 37. Rb8 Bxe5 38. Rxb3 Kg7 39. Nc4 Kf6 40.
Nxe5 Kxe5 41. Rb7 Be8 42. Re7+ 1-0

[Event "Madrid-ch Previa B"]
[Site "Madrid ESP"]
[Date "2014.02.22"]
[Round "7.19"]
[White "Vela Martinez, Jose"]
[Black "Barragan Panal, Juan Jose"]
[Result "1-0"]
[WhiteElo "1588"]
[BlackElo "1630"]
[PlyCount "77"]
[EventDate "2014.02.06"]
[EventType "swiss"]
[EventRounds "9"]
[EventCountry "ESP"]
[Source "lmi"]
[SourceDate "2014.02.06"]

1. e4 c6 2. d4 d5 3. exd5 cxd5 4. h3 Nc6 5. Nf3 Nf6 6. Nc3 g6 7. Bb5 Bd7 8. O-O
Bg7 9. Re1 O-O 10. Bg5 e6 11. Qd2 a6 12. Bd3 b5 13. a3 Na5 14. b3 Rc8 15. Ne5
Qc7 16. Nd1 Nb7 17. Bf4 Nd6 18. Rc1 Qb6 19. Bg5 Bc6 20. Qe3 Nfe4 21. Bxe4 Nxe4
22. Bf4 f6 23. Nd3 Bd7 24. f3 g5 25. Bh2 Nc3 26. Nc5 Rxc5 27. dxc5 Nxd1 28.
cxb6 Nxe3 29. Rxe3 e5 30. Rc3 Rc8 31. b7 Rb8 32. Rc7 Be6 33. Rd1 d4 34. c3 dxc3
35. Rd6 Bf5 36. Rdc6 c2 37. Rc8+ Rxc8 38. Rxc8+ Kf7 39. b8=Q 1-0

[Event "Madrid-ch Previa B"]
[Site "Madrid ESP"]
[Date "2014.02.22"]
[Round "7.20"]
[White "Estebanez Cuesta, Alfredo"]
[Black "Melcon Diez, Enrique"]
[Result "0-1"]
[WhiteElo "1578"]
[BlackElo "1606"]
[PlyCount "116"]
[EventDate "2014.02.06"]
[EventType "swiss"]
[EventRounds "9"]
[EventCountry "ESP"]
[Source "lmi"]
[SourceDate "2014.02.06"]

1. c4 g6 2. Nc3 c5 3. b3 Bg7 4. Bb2 Nc6 5. e3 d6 6. Nf3 Nf6 7. Nd5 e5 8. Nxf6+
Bxf6 9. d3 O-O 10. a3 Bg4 11. Be2 Qe7 12. Qc2 Rad8 13. h3 Be6 14. O-O-O d5 15.
g4 e4 16. dxe4 Bxb2+ 17. Qxb2 dxe4 18. Ne5 Nb8 19. Qc2 f6 20. Nxg6 hxg6 21.
Qxe4 Kg7 22. Rd5 b6 23. Rhd1 Kf7 24. Rxd8 Rxd8 25. Rxd8 Qxd8 26. f4 Qd7 27. Bf3
b5 28. Qa8 Qc7 29. Bb7 a6 30. Bxa6 Nxa6 31. Qxa6 bxc4 32. bxc4 Ke7 33. a4 Qd6
34. Qa7+ Bd7 35. Kc2 Qc6 36. Kb3 Kd6 37. Qb8+ Ke7 38. Qb5 Qd6 39. Qa5 Qd3+ 40.
Qc3 Bxa4+ 41. Kb2 Qe2+ 42. Ka3 Bd7 43. g5 fxg5 44. Qe5+ Be6 45. Qxc5+ Kf7 46.
fxg5 Qxc4 47. Qxc4 Bxc4 48. Kb4 Bd5 49. Kc5 Ke6 50. Kd4 Bg2 51. h4 Kf5 52. Kd3
Kg4 53. e4 Kxh4 54. e5 Bd5 55. Kd4 Ba2 56. Kc5 Kxg5 57. Kd6 Kf5 58. Ke7 g5 0-1